Größte Städte Sachsen - Statistiken

Allgemein
  • Dieses Quiz wurde 50 mal gespielt
  • Das Durchschnittsergebnis liegt bei 7 aus 10
Antwortstatistiken
Einwohner Antwort % Korrekt
572.000 Dresden
100%
634.000 Leipzig
100%
252.000 Chemnitz
95%
55.000 Görlitz
88%
87.000 Zwickau
80%
39.000 Bautzen
70%
65.000 Plauen
65%
42.000 Freiberg
48%
40.000 Pirna
43%
39.000 Freital
33%
Keine übereinstimmenden Quizze gefunden
Verteilung der Resultate
Anzahl Personen mit jedem Resultat
Perzentil nach korrekt beantworteten Fragen
Ihre Resultats-Entwicklung
Sie haben dieses Quiz noch nicht gespielt